Material de apoyo a la capacitación en conservación ex situ de recursos fitogenéticos

Saved in:
書目詳細資料
Main Authors: Jaramillo, Sildana (Author), Baena, Margarita (Author)
格式: 圖書
語言:西班牙语
出版: Cali Instituto Internacional de Recursos Fitogenéticos 2000
Cali IPGRI 2000
主題:
標簽: 添加標簽
沒有標簽, 成為第一個標記此記錄!

MARC

LEADER 00000nam a2200000 a 4500
001 UCM8064
003 CL-VaPUC
005 20241118153912.0
008 030117e20000000ck 1 spa d
044 |a ck  |2 marc 
044 |a ck  |2 marc 
082 0 4 |a 631.5233  |b JAR  |2 21 
100 1 |a Jaramillo, Sildana  |e author  |9 620257 
700 1 |a Baena, Margarita  |e author  |9 620258 
245 1 0 |a Material de apoyo a la capacitación en conservación ex situ de recursos fitogenéticos 
260 |a Cali  |b Instituto Internacional de Recursos Fitogenéticos  |c 2000 
260 |a Cali  |b IPGRI  |c 2000 
300 |a 210 p 
583 |a last modification  |c 20190822 01:29:42  |k Rodrigo Vera 
650 0 0 |a Fitomejoramiento  |9 473695 
650 0 7 |a GERMOPLASMA  |2 CL-VaPUC  |9 418787 
650 0 7 |a RESERVAS GENETICAS  |2 CL-VaPUC  |9 620259 
650 0 7 |a CONSERVACION DEL GERMOPLASMA  |2 CL-VaPUC  |9 404996 
942 |c BK 
945 |a lriquelm  |d 20030117 00:00:00 
546 |a En Español 
536 |a IPGRI 
518 |p Curso Nacional de Conservación Ex Situ de Recursos Fitogenéticos, 1, Valdivia, 20 al 25 de enero de 2003 
999 |c 383838  |d 383836 
952 |0 0  |1 0  |4 0  |6 631_523300000000000_JAR_2000  |7 0  |8 A  |9 506120  |a BIBAGR  |b BIBAGR  |d 2020-01-23  |i 3866351  |o 631.5233 JAR 2000  |p 3866351  |r 2025-01-20  |w 2020-01-23  |y BK  |k AGR